Carbonate mineralization in the Western Tatra crystalline basement, Poland

Elmentve itt :
Bibliográfiai részletek
Szerzők: Gaweda A.
Golawska B.
Piwkowski R.
Jędrysek M.
Leichmann J.
Paulo A.
Testületi szerző: MCC, Minerals of the Carpathians International Conference (2000) (Miskolc)
Dokumentumtípus: Cikk
Megjelent: Szegedi Egyetem Ásványtani, Geokémiai és Kőzettani Tanszéke Szeged 2000
Sorozat:Acta mineralogica-petrographica 41
Kulcsszavak:Kőzettan - előadáskivonat, Ásványtan - előadáskivonat, Földtan - előadáskivonat
Tárgyszavak:
Online Access:http://acta.bibl.u-szeged.hu/24942
LEADER 01130nab a2200277 i 4500
001 acta24942
005 20220728131131.0
008 161017s2000 hu o 0|| eng d
022 |a 0365-8066 
040 |a SZTE Egyetemi Kiadványok Repozitórium  |b hun 
041 |a eng 
100 1 |a Gaweda A. 
245 1 0 |a Carbonate mineralization in the Western Tatra crystalline basement, Poland  |h [elektronikus dokumentum] /  |c  Gaweda A. 
260 |a Szegedi Egyetem Ásványtani, Geokémiai és Kőzettani Tanszéke  |b Szeged  |c 2000 
300 |a 46 
490 0 |a Acta mineralogica-petrographica  |v 41 
650 4 |a Természettudományok 
650 4 |a Föld- és kapcsolódó környezettudományok 
695 |a Kőzettan - előadáskivonat, Ásványtan - előadáskivonat, Földtan - előadáskivonat 
700 0 1 |a Golawska B.  |e aut 
700 0 1 |a Piwkowski R.  |e aut 
700 0 1 |a Jędrysek M.  |e aut 
700 0 1 |a Leichmann J.  |e aut 
700 0 1 |a Paulo A.  |e aut 
710 |a MCC, Minerals of the Carpathians International Conference (2000) (Miskolc) 
856 4 0 |u http://acta.bibl.u-szeged.hu/24942/1/mineralogica_041_suppl_046.pdf  |z Dokumentum-elérés